{"text_format":"3","workbook":"xlsx","n_sheets":1,"sheets":["t222"],"read":"whole","date_system":"1900"}

{"sheet":"t222","index":0,"n_rows":201,"n_cols":7,"rows_kept":201,"merged":[[0,0,0,6],[30,0,30,5],[51,0,51,5],[155,0,155,5]]}
["TABELA 222.1 - Estatísticas Agrícolas, Município de Ibirá, Estado de São Paulo, 2007/08."]
["ITEM","UNIDADE","N.DE UPAs","MÍNIMO","MÉDIO","MÁXIMO","TOTAL"]
["Distância à sede do município","km",482,0.1,{"v":8.23,"d":"8.2"},{"v":22,"d":"22.0"},"-"]
["Área total","hectare",482,1.1,{"v":53.12,"d":"53.1"},{"v":2275.5,"d":"2,275.5"},{"v":25602.8,"d":"25,602.8"}]
["Área com cultura perene","hectare",136,0.2,{"v":30.78,"d":"30.8"},861.2,{"v":4185.8,"d":"4,185.8"}]
["Área com cultura temporária","hectare",328,0.2,{"v":34.51,"d":"34.5"},{"v":850,"d":"850.0"},{"v":11318.9,"d":"11,318.9"}]
["Área com pastagem","hectare",342,0.2,{"v":22.57,"d":"22.6"},{"v":646,"d":"646.0"},{"v":7717.5,"d":"7,717.5"}]
["Área com reflorestamento","hectare",87,0.1,{"v":1.63,"d":"1.6"},12.1,141.9]
["Área com vegetação natural","hectare",197,0.1,5.7,175.5,{"v":1123.2,"d":"1,123.2"}]
["Área com vegetação de brejo e várzea","hectare",63,0.1,2.1,{"v":10,"d":"10.0"},132.6]
["Área em descanso","hectare",27,0.1,{"v":4.38,"d":"4.4"},37.2,118.3]
["Área complementar","hectare",377,0.1,{"v":2.29,"d":"2.3"},304.3,864.6]
["Área das UPAs com (0, 1] ha","hectare","-","-","-","-","-"]
["Área das UPAs com (1, 2] ha","hectare",3,1.1,1.7,{"v":2,"d":"2.0"},5.1]
["Área das UPAs com (2, 5] ha","hectare",34,2.1,{"v":3.62,"d":"3.6"},4.9,123.2]
["Área das UPAs com (5, 10] ha","hectare",56,5.2,{"v":7.43,"d":"7.4"},9.7,415.9]
["Área das UPAs com (10, 20] ha","hectare",121,10.3,{"v":14.92,"d":"14.9"},{"v":20,"d":"20.0"},{"v":1805.1,"d":"1,805.1"}]
["Área das UPAs com (20, 50] ha","hectare",163,20.5,{"v":34.24,"d":"34.2"},49.6,{"v":5580.4,"d":"5,580.4"}]
["Área das UPAs com (50, 100] ha","hectare",59,52.4,{"v":69.62,"d":"69.6"},99.2,{"v":4107.5,"d":"4,107.5"}]
["Área das UPAs com (100, 200] ha","hectare",28,100.4,{"v":141.29,"d":"141.3"},{"v":199,"d":"199.0"},{"v":3956,"d":"3,956.0"}]
["Área das UPAs com (200, 500] ha","hectare",12,205.6,{"v":281.29,"d":"281.3"},417.4,{"v":3375.5,"d":"3,375.5"}]
["Área das UPAs com (500, 1.000] ha","hectare",4,568.9,{"v":671.05,"d":"671.1"},707.8,{"v":2684.2,"d":"2,684.2"}]
["Área das UPAs com (1.000, 2.000] ha","hectare",1,{"v":1274.4,"d":"1,274.4"},{"v":1274.4,"d":"1,274.4"},{"v":1274.4,"d":"1,274.4"},{"v":1274.4,"d":"1,274.4"}]
["Área das UPAs com (2.000, 5.000] ha","hectare",1,{"v":2275.5,"d":"2,275.5"},{"v":2275.5,"d":"2,275.5"},{"v":2275.5,"d":"2,275.5"},{"v":2275.5,"d":"2,275.5"}]
["Área das UPAs com (5.000, 10.000] ha","hectare","-","-","-","-","-"]
["Área das UPAs acima de 10.000 ha","hectare","-","-","-","-","-"]
["Familiares do proprietário que trabalham na UPA","unidade",433,{"v":1,"d":"1.0"},{"v":1.34,"d":"1.3"},{"v":6,"d":"6.0"},{"v":581,"d":"581.0"}]
["Trabalhadores permanentes","unidade",150,{"v":1,"d":"1.0"},{"v":2.55,"d":"2.6"},{"v":69,"d":"69.0"},{"v":383,"d":"383.0"}]
["Fonte: Secretaria de Agricultura e Abastecimento, CDRS/IEA, Projeto LUPA."]
[]
["TABELA 222.2 - Explorações Animais, Município de Ibirá, Estado de São Paulo, 2007/08."]
["ITEM","UNIDADE","N.DE UPAs","MÍNIMO","MÉDIO","MÁXIMO","TOTAL"]
["Apicultura","colmeias",6,{"v":1,"d":"1.0"},{"v":5.83,"d":"5.8"},{"v":10,"d":"10.0"},{"v":35,"d":"35.0"}]
["Asininos E Muares","cabeças",39,{"v":1,"d":"1.0"},{"v":4.18,"d":"4.2"},{"v":40,"d":"40.0"},{"v":163,"d":"163.0"}]
["Avestruzes e Ema (Criadouro)","cabeças",1,{"v":50,"d":"50.0"},{"v":50,"d":"50.0"},{"v":50,"d":"50.0"},{"v":50,"d":"50.0"}]
["Avicultura de Corte","cabeças/ano",18,{"v":15,"d":"15.0"},{"v":8417.5,"d":"8,417.5"},{"v":150000,"d":"150,000.0"},{"v":151515,"d":"151,515.0"}]
["Avicultura Ornamental/Decorativa/Exótica","cabeças",13,{"v":2,"d":"2.0"},{"v":31.08,"d":"31.1"},{"v":100,"d":"100.0"},{"v":404,"d":"404.0"}]
["Avicultura para Ovos","cabeças",110,{"v":9,"d":"9.0"},{"v":51.96,"d":"52.0"},{"v":1200,"d":"1,200.0"},{"v":5716,"d":"5,716.0"}]
["Bovinocultura de Corte","cabeças",67,{"v":5,"d":"5.0"},108.4,{"v":1200,"d":"1,200.0"},{"v":7263,"d":"7,263.0"}]
["Bovinocultura Leiteira","cabeças",17,{"v":2,"d":"2.0"},{"v":28.41,"d":"28.4"},{"v":80,"d":"80.0"},{"v":483,"d":"483.0"}]
["Bovinocultura Mista","cabeças",221,{"v":1,"d":"1.0"},{"v":38.88,"d":"38.9"},{"v":604,"d":"604.0"},{"v":8593,"d":"8,593.0"}]
["Bubalinocultura","cabeças",1,{"v":10,"d":"10.0"},{"v":10,"d":"10.0"},{"v":10,"d":"10.0"},{"v":10,"d":"10.0"}]
["Caprinocultura","cabeças",2,{"v":2,"d":"2.0"},3.5,{"v":5,"d":"5.0"},{"v":7,"d":"7.0"}]
["Equinocultura","cabeças",207,{"v":1,"d":"1.0"},{"v":3.62,"d":"3.6"},{"v":36,"d":"36.0"},{"v":750,"d":"750.0"}]
["Ovinocultura","cabeças",23,{"v":1,"d":"1.0"},{"v":28.52,"d":"28.5"},{"v":180,"d":"180.0"},{"v":656,"d":"656.0"}]
["Piscicultura","m² tanques",2,{"v":100,"d":"100.0"},{"v":15050,"d":"15,050.0"},{"v":30000,"d":"30,000.0"},{"v":30100,"d":"30,100.0"}]
["Ranicultura","girinos/ano",1,{"v":4000,"d":"4,000.0"},{"v":4000,"d":"4,000.0"},{"v":4000,"d":"4,000.0"},{"v":4000,"d":"4,000.0"}]
["Sericicultura","gramas larvas/ano",1,{"v":3,"d":"3.0"},{"v":3,"d":"3.0"},{"v":3,"d":"3.0"},{"v":3,"d":"3.0"}]
["Suinocultura","cabeças",111,{"v":1,"d":"1.0"},{"v":17.48,"d":"17.5"},{"v":480,"d":"480.0"},{"v":1940,"d":"1,940.0"}]
["Fonte: Secretaria de Agricultura e Abastecimento, CDRS/IEA, Projeto LUPA."]
[]
["TABELA 222.3 -  Máquinas, Implementos e Benfeitorias, Município de Ibirá, Estado de São Paulo, 2007/08."]
["ITEM","UNIDADE","N.DE UPAs","MÍNIMO","MÉDIO","MÁXIMO","TOTAL"]
["Arado Comum (Bacia, Aiveca)","Unidade",93,{"v":1,"d":"1.0"},1.3,{"v":6,"d":"6.0"},{"v":121,"d":"121.0"}]
["Arado Escarificador","Unidade",88,{"v":1,"d":"1.0"},1.2,{"v":5,"d":"5.0"},{"v":106,"d":"106.0"}]
["Arado Subsolador","Unidade",18,{"v":1,"d":"1.0"},{"v":1.11,"d":"1.1"},{"v":2,"d":"2.0"},{"v":20,"d":"20.0"}]
["Batedeira de Cereais","Unidade",1,{"v":1,"d":"1.0"},{"v":1,"d":"1.0"},{"v":1,"d":"1.0"},{"v":1,"d":"1.0"}]
["Colhedeira Acoplada","Unidade",3,{"v":1,"d":"1.0"},{"v":1,"d":"1.0"},{"v":1,"d":"1.0"},{"v":3,"d":"3.0"}]
["Computador","Unidade",3,{"v":1,"d":"1.0"},{"v":1,"d":"1.0"},{"v":1,"d":"1.0"},{"v":3,"d":"3.0"}]
["Conj.Irrigação Autopropelido","Unidade",1,{"v":4,"d":"4.0"},{"v":4,"d":"4.0"},{"v":4,"d":"4.0"},{"v":4,"d":"4.0"}]
["Conj.Irrigação Convencional","Unidade",14,{"v":1,"d":"1.0"},{"v":1.07,"d":"1.1"},{"v":2,"d":"2.0"},{"v":15,"d":"15.0"}]
["Conj.Irrigação Pivot Central","Unidade",2,{"v":1,"d":"1.0"},{"v":1,"d":"1.0"},{"v":1,"d":"1.0"},{"v":2,"d":"2.0"}]
["Conj.Irrigação/Gotejamento/Microaspersão","Unidade",8,{"v":1,"d":"1.0"},{"v":1,"d":"1.0"},{"v":1,"d":"1.0"},{"v":8,"d":"8.0"}]
["Desintegrador de Palha (Plantio Direto)","Unidade",1,{"v":2,"d":"2.0"},{"v":2,"d":"2.0"},{"v":2,"d":"2.0"},{"v":2,"d":"2.0"}]
["Desintegrador, Picador, Triturador","Unidade",133,{"v":1,"d":"1.0"},{"v":1.07,"d":"1.1"},{"v":3,"d":"3.0"},{"v":142,"d":"142.0"}]
["Distribuidor de Calcário","Unidade",22,{"v":1,"d":"1.0"},{"v":1.59,"d":"1.6"},{"v":6,"d":"6.0"},{"v":35,"d":"35.0"}]
["Ensiladeira","Unidade",37,{"v":1,"d":"1.0"},{"v":1.14,"d":"1.1"},{"v":3,"d":"3.0"},{"v":42,"d":"42.0"}]
["Grade Aradora (Tipo Romi)","Unidade",26,{"v":1,"d":"1.0"},{"v":1.27,"d":"1.3"},{"v":3,"d":"3.0"},{"v":33,"d":"33.0"}]
["Grade Niveladora","Unidade",80,{"v":1,"d":"1.0"},{"v":1.25,"d":"1.3"},{"v":6,"d":"6.0"},{"v":100,"d":"100.0"}]
["Implementos para Tração Animal","Unidade",16,{"v":1,"d":"1.0"},{"v":2.25,"d":"2.3"},{"v":5,"d":"5.0"},{"v":36,"d":"36.0"}]
["Microtrator","Unidade",3,{"v":1,"d":"1.0"},{"v":1,"d":"1.0"},{"v":1,"d":"1.0"},{"v":3,"d":"3.0"}]
["Misturador de Ração","Unidade",5,{"v":1,"d":"1.0"},{"v":1,"d":"1.0"},{"v":1,"d":"1.0"},{"v":5,"d":"5.0"}]
["Ordenhadeira Mecânica","Unidade",9,{"v":1,"d":"1.0"},{"v":1.11,"d":"1.1"},{"v":2,"d":"2.0"},{"v":10,"d":"10.0"}]
["Pulverizador Tratorizado","Unidade",101,{"v":1,"d":"1.0"},1.9,{"v":18,"d":"18.0"},{"v":192,"d":"192.0"}]
["Resfriador de Leite, Tanque Expansão","Unidade",4,{"v":1,"d":"1.0"},{"v":1,"d":"1.0"},{"v":1,"d":"1.0"},{"v":4,"d":"4.0"}]
["Semeadeira/Adubadeira para Plantio Convencional","Unidade",33,{"v":1,"d":"1.0"},{"v":1.15,"d":"1.2"},{"v":3,"d":"3.0"},{"v":38,"d":"38.0"}]
["Semeadeira/Plantadeira Plantio Direto","Unidade",41,{"v":1,"d":"1.0"},{"v":1.15,"d":"1.2"},{"v":4,"d":"4.0"},{"v":47,"d":"47.0"}]
["Terraceador","Unidade",5,{"v":1,"d":"1.0"},{"v":1,"d":"1.0"},{"v":1,"d":"1.0"},{"v":5,"d":"5.0"}]
["Trator de Esteiras","Unidade",2,{"v":1,"d":"1.0"},{"v":1,"d":"1.0"},{"v":1,"d":"1.0"},{"v":2,"d":"2.0"}]
["Trator de Pneus","Unidade",157,{"v":1,"d":"1.0"},{"v":1.99,"d":"2.0"},{"v":26,"d":"26.0"},{"v":312,"d":"312.0"}]
["Açude/Represa","Unidade",158,{"v":1,"d":"1.0"},{"v":1.44,"d":"1.4"},{"v":6,"d":"6.0"},{"v":228,"d":"228.0"}]
["Almoxarifado/Oficina","Unidade",25,{"v":1,"d":"1.0"},{"v":1.12,"d":"1.1"},{"v":2,"d":"2.0"},{"v":28,"d":"28.0"}]
["Armazém para Grãos Ensacados","Sacas",17,{"v":1,"d":"1.0"},{"v":353.76,"d":"353.8"},{"v":3000,"d":"3,000.0"},{"v":6014,"d":"6,014.0"}]
["Balança para Bovinos","Unidade",8,{"v":1,"d":"1.0"},{"v":1,"d":"1.0"},{"v":1,"d":"1.0"},{"v":8,"d":"8.0"}]
["Balança para Veículos","Unidade",4,{"v":1,"d":"1.0"},{"v":1,"d":"1.0"},{"v":1,"d":"1.0"},{"v":4,"d":"4.0"}]
["Barracão para Bicho da Seda/Sirgaria","Unidade",1,{"v":1,"d":"1.0"},{"v":1,"d":"1.0"},{"v":1,"d":"1.0"},{"v":1,"d":"1.0"}]
["Barracão para Granja/Avicultura","Unidade",3,{"v":1,"d":"1.0"},{"v":1.67,"d":"1.7"},{"v":2,"d":"2.0"},{"v":5,"d":"5.0"}]
["Barracão/Galpão/Garagem","Unidade",196,{"v":1,"d":"1.0"},{"v":1.48,"d":"1.5"},{"v":6,"d":"6.0"},{"v":290,"d":"290.0"}]
["Casa de Moradia Habitada","Unidade",226,{"v":1,"d":"1.0"},{"v":1.48,"d":"1.5"},{"v":12,"d":"12.0"},{"v":334,"d":"334.0"}]
["Casa de Moradia Total","Unidade",305,{"v":1,"d":"1.0"},{"v":2.07,"d":"2.1"},{"v":40,"d":"40.0"},{"v":631,"d":"631.0"}]
["Curral/Mangueira","Unidade",282,{"v":1,"d":"1.0"},{"v":1.06,"d":"1.1"},{"v":5,"d":"5.0"},{"v":299,"d":"299.0"}]
["Depósito/Tulha","Unidade",203,{"v":1,"d":"1.0"},{"v":1.13,"d":"1.1"},{"v":6,"d":"6.0"},{"v":230,"d":"230.0"}]
["Engenho","Unidade",5,{"v":1,"d":"1.0"},{"v":1,"d":"1.0"},{"v":1,"d":"1.0"},{"v":5,"d":"5.0"}]
["Estábulo","Unidade",10,{"v":1,"d":"1.0"},1.2,{"v":2,"d":"2.0"},{"v":12,"d":"12.0"}]
["Estufa/Plasticultura","m²",4,{"v":500,"d":"500.0"},{"v":1575,"d":"1,575.0"},{"v":2500,"d":"2,500.0"},{"v":6300,"d":"6,300.0"}]
["Fábrica de Ração","Unidade",1,{"v":1,"d":"1.0"},{"v":1,"d":"1.0"},{"v":1,"d":"1.0"},{"v":1,"d":"1.0"}]
["Instalações para Equinos","Unidade",7,{"v":1,"d":"1.0"},{"v":3,"d":"3.0"},{"v":9,"d":"9.0"},{"v":21,"d":"21.0"}]
["Máquina de Benefício","Unidade",2,{"v":1,"d":"1.0"},{"v":1,"d":"1.0"},{"v":1,"d":"1.0"},{"v":2,"d":"2.0"}]
["Pocilga","Unidade",134,{"v":1,"d":"1.0"},1.1,{"v":4,"d":"4.0"},{"v":148,"d":"148.0"}]
["Poço Semi-Artesiano","Unidade",151,{"v":1,"d":"1.0"},{"v":1.05,"d":"1.1"},{"v":4,"d":"4.0"},{"v":158,"d":"158.0"}]
["Secador de Grãos","Unidade",1,{"v":1,"d":"1.0"},{"v":1,"d":"1.0"},{"v":1,"d":"1.0"},{"v":1,"d":"1.0"}]
["Silo para Grãos","t",2,{"v":1,"d":"1.0"},100.5,{"v":200,"d":"200.0"},{"v":201,"d":"201.0"}]
["Silo para Silagem","t",34,{"v":1,"d":"1.0"},{"v":160.85,"d":"160.9"},{"v":1000,"d":"1,000.0"},{"v":5469,"d":"5,469.0"}]
["Terreiro","m²",122,{"v":40,"d":"40.0"},397.5,{"v":5460,"d":"5,460.0"},{"v":48495,"d":"48,495.0"}]
["Fonte: Secretaria de Agricultura e Abastecimento, CDRS/IEA, Projeto LUPA."]
[]
["TABELA 222.4 - Outras Estatísticas Agrícolas, Município de Ibirá, Estado de São Paulo, 2007/08."]
["ITEM","Número de UPAs",null,"Percentual"]
["Faz Parte de Associação de Produtores",139,null,{"v":28.83817427385892,"d":"28.8"}]
["Faz Parte de Cooperativa de Produtores",181,null,{"v":37.551867219917014,"d":"37.6"}]
["Faz Parte do Sindicato de Produtores",46,null,{"v":9.543568464730289,"d":"9.5"}]
["Não utiliza assistência técnica ",117,null,{"v":24.273858921161825,"d":"24.3"}]
["Utiliza somente assistência técnica governamental ",192,null,{"v":39.83402489626556,"d":"39.8"}]
["Utiliza somente assistência técnica privada ",65,null,{"v":13.485477178423237,"d":"13.5"}]
["Utiliza assistência técnica tanto governamental quanto privada",108,null,{"v":22.406639004149376,"d":"22.4"}]
["Utiliza Crédito Rural",57,null,{"v":11.825726141078839,"d":"11.8"}]
["Utiliza Seguro Rural","-",null,"-"]
["Utiliza Escrituração Agrícola",298,null,{"v":61.82572614107884,"d":"61.8"}]
["Acessa Internet p/ Fins na Agropecuária",45,null,{"v":9.336099585062241,"d":"9.3"}]
["Utiliza Computador nas Atividades Agropecuárias",55,null,{"v":11.410788381742737,"d":"11.4"}]
["Utiliza Energia Elétrica Para Uso na Atividade Agrícola",347,null,{"v":71.99170124481329,"d":"72.0"}]
["Realiza Análise de Solo, quando necessário",192,null,{"v":39.83402489626556,"d":"39.8"}]
["Utiliza Práticas de Conservação de Solo, quando necessário",377,null,{"v":78.21576763485477,"d":"78.2"}]
["Faz Adubação Mineral, quando necessário",377,null,{"v":78.21576763485477,"d":"78.2"}]
["Faz Adubação Orgânica, quando necessário",129,null,{"v":26.763485477178424,"d":"26.8"}]
["Faz Adubação Verde, quando necessário",30,null,{"v":6.224066390041494,"d":"6.2"}]
["Utiliza Manejo Integrado de Pragas (MIP)","-",null,"-"]
["Utiliza Hidroponia","-",null,"-"]
["Utiliza Plasticultura",4,null,{"v":0.8298755186721992,"d":"0.8"}]
["Utiliza Mudas Fiscalizadas",59,null,{"v":12.240663900414937,"d":"12.2"}]
["Utiliza Semente Melhorada",132,null,{"v":27.38589211618257,"d":"27.4"}]
["Faz Confinamento de Bovinos",4,null,{"v":0.8298755186721992,"d":"0.8"}]
["Utiliza Pastejo Intensivo",17,null,{"v":3.5269709543568464,"d":"3.5"}]
["Faz Inseminação Artificial",9,null,{"v":1.8672199170124484,"d":"1.9"}]
["Faz Mineralização do Rebanho",273,null,{"v":56.63900414937759,"d":"56.6"}]
["Faz Vermifugação do Rebanho",275,null,{"v":57.053941908713696,"d":"57.1"}]
["Possui Parceiros /Arrendatários na Exploração Animal",117,null,{"v":24.273858921161825,"d":"24.3"}]
["Esporte e lazer",4,null,{"v":0.8298755186721992,"d":"0.8"}]
["Extração mineral","-",null,"-"]
["Hotel Fazenda, Pousada ou SPA",2,null,{"v":0.4149377593360996,"d":"0.4"}]
["Pesque-pague","-",null,"-"]
["Restaurante ou Lanchonete","-",null,"-"]
["Transformação artesanal","-",null,"-"]
["Turismo rural ou ecoturismo",1,null,{"v":0.20746887966804978,"d":"0.2"}]
["Outras atividades econômicas rurais",1,null,{"v":0.20746887966804978,"d":"0.2"}]
["Agroindústria",1,null,{"v":0.20746887966804978,"d":"0.2"}]
["Proprietário sem instrução ou com instrução incompleta",45,null,{"v":9.336099585062241,"d":"9.3"}]
["Proprietário com antigo primário completo",156,null,{"v":32.365145228215766,"d":"32.4"}]
["Proprietário com 1° grau (ou antigo ginasial) completo",72,null,{"v":14.937759336099584,"d":"14.9"}]
["Proprietário com 2° grau (ou antigo colegial) completo",93,null,{"v":19.29460580912863,"d":"19.3"}]
["Proprietário com curso superior completo ",106,null,{"v":21.991701244813278,"d":"22.0"}]
["Pessoa Jurídica",10,null,{"v":2.074688796680498,"d":"2.1"}]
["Proprietário residente na própria UPA ",86,null,{"v":17.842323651452283,"d":"17.8"}]
["Fonte: Secretaria de Agricultura e Abastecimento, CDRS/IEA, Projeto LUPA."]
[]
["TABELA 222.5 - Área Cultivada, Município de Ibirá, Estado de São Paulo, 2007/08."]
["CULTURA","N.DE UPAs","MÍNIMO","MÉDIO","MÁXIMO","TOTAL"]
["Cana-de-acucar",266,0.3,{"v":39.39,"d":"39.4"},{"v":850,"d":"850.0"},{"v":10477,"d":"10,477.0"}]
["Braquiaria",252,0.8,{"v":23.37,"d":"23.4"},520.5,{"v":5888.6,"d":"5,888.6"}]
["Laranja",76,0.1,{"v":43.98,"d":"44.0"},861.2,{"v":3342.3,"d":"3,342.3"}]
["Gramas",103,0.2,{"v":9.46,"d":"9.5"},77.3,974.5]
["Milho",78,0.3,{"v":9.51,"d":"9.5"},76.4,741.8]
["Coloniao",21,1.6,31.4,{"v":323,"d":"323.0"},659.3]
["Manga",35,0.1,{"v":7.25,"d":"7.3"},65.6,253.7]
["Outras gramineas para pastagem",11,{"v":1,"d":"1.0"},{"v":15.91,"d":"15.9"},51.7,{"v":175,"d":"175.0"}]
["Seringueira",7,{"v":8,"d":"8.0"},{"v":23.41,"d":"23.4"},48.4,163.9]
["Limao",47,0.2,{"v":3,"d":"3.0"},8.4,140.9]
["Eucalipto",85,0.1,1.6,12.1,{"v":136,"d":"136.0"}]
["Tangerina",15,0.3,{"v":5.04,"d":"5.0"},{"v":20,"d":"20.0"},75.6]
["Laranja-azeda",1,{"v":53,"d":"53.0"},{"v":53,"d":"53.0"},{"v":53,"d":"53.0"},{"v":53,"d":"53.0"}]
["Sorgo",6,2.4,8.4,17.9,50.4]
["Goiaba",8,1.4,{"v":5.71,"d":"5.7"},{"v":17,"d":"17.0"},45.7]
["Abacate",3,4.2,{"v":8.67,"d":"8.7"},16.8,{"v":26,"d":"26.0"}]
["Tangelo",3,3.7,{"v":7.43,"d":"7.4"},9.8,22.3]
["Cafe",12,0.4,{"v":1.84,"d":"1.8"},{"v":5,"d":"5.0"},22.1]
["Tangor",2,{"v":4,"d":"4.0"},{"v":9.35,"d":"9.4"},14.7,18.7]
["Mandioca",6,0.2,{"v":2.92,"d":"2.9"},7.3,17.5]
["Coco-da-baia",4,{"v":1,"d":"1.0"},{"v":3.38,"d":"3.4"},7.6,13.5]
["Crotalaria",1,12.5,12.5,12.5,12.5]
["Capim-jaragua",1,9.6,9.6,9.6,9.6]
["Algodao",1,{"v":8,"d":"8.0"},{"v":8,"d":"8.0"},{"v":8,"d":"8.0"},{"v":8,"d":"8.0"}]
["Capim-napier (ou capim-elefante)",6,0.5,{"v":1.32,"d":"1.3"},2.4,7.9]
["Outras florestais",2,2.4,{"v":2.95,"d":"3.0"},3.5,5.9]
["Pomar domestico",3,0.8,1.6,{"v":3,"d":"3.0"},4.8]
["Horta domestica",3,0.2,{"v":1.47,"d":"1.5"},3.7,4.4]
["Outras olericolas",2,0.2,{"v":1.95,"d":"2.0"},3.7,3.9]
["Arroz",2,0.4,1.4,2.4,2.8]
["Sorgo-forrageiro",1,2.6,2.6,2.6,2.6]
["Viveiro de frutiferas em geral",1,{"v":2,"d":"2.0"},{"v":2,"d":"2.0"},{"v":2,"d":"2.0"},{"v":2,"d":"2.0"}]
["Outras frutiferas",1,1.3,1.3,1.3,1.3]
["Abacaxi (ou ananas)",1,0.8,0.8,0.8,0.8]
["Brocolos (ou brocolis)",1,0.2,0.2,0.2,0.2]
["Alface",1,0.2,0.2,0.2,0.2]
["Berinjela",1,0.1,0.1,0.1,0.1]
["Pimentao",1,0.1,0.1,0.1,0.1]
["Cenoura",1,0.1,0.1,0.1,0.1]
["Pepino",1,0.1,0.1,0.1,0.1]
["Repolho",1,0.1,0.1,0.1,0.1]
["Feijao-vagem (ou vagem, ou feijao-verde)",1,0.1,0.1,0.1,0.1]
["Couve-flor",1,0.1,0.1,0.1,0.1]
["Fonte: Secretaria de Agricultura e Abastecimento, CDRS/IEA, Projeto LUPA."]